Véhicule Pompier #2 - Statistiques

Statistiques générales
  • Ce quiz a été pris 370 fois
  • Le résultat moyen est 4 sur 12
Statistiques - réponses
Par images Réponse % Correct
Poste de Commandement
88%
Camion Citerne Grande Capacité
62%
Véhicule de Secours Routier
60%
Ambulance de Réanimation
53%
Camion Citerne Rural
48%
Premier Secours Evacuation
34%
Véhicule Porte Cellule
31%
Véhicule de Premier Secours
22%
Camionnette de Réserve d'Air Comprimé
14%
Camion d'Intervention Diverse
10%
Véhicule Léger Chef de Colonne
10%
Véhicule de Soutien et d'Appui NRBC
2%
Aucun quiz correspondant
Distribution des résultats
% des personnes avec chaque résultat
Percentile par nombre de réponses
Votre historique - résultats
Vous n’avez pas pris ce quiz